000 00697nam a2200241Ia 4500
003 OSt
005 20220925204906.0
006 a|||||r|||| 00| 0
007 ta
008 220923b |||||||| |||| 00| 0 eng d
037 _cGeneral Book
040 _aRTL
_cRTL
_beng
041 _2eng
_aeng
082 _aV3:19-8.41.N37<--M40, K9
100 _aHui-Min Lo
_9269215
245 0 _aForeign office confidential papers relating to Chi
260 _aHague
_bMouton
_c1969
300 _a280p
_ccm.
500 _aAppendix: P 209-16
650 _aOreign Policy Great Britain
942 _hV3:19-8.41.N37<--M40, K9
_cGB
_2CC
999 _c550698
_d550698